Państwa po podpowiedziach #3 - Statystyki

Ogólne statystyki
  • Ten quiz został rozwiązany 25 razy
  • Średni wynik to 4 z 8
Statystyki odpowiedzi
Podpowiedź Państwo % Poprawnych
Burj Khalifa , bogactwo ZEA
82%
Gerlach,kąpieliska termalne Słowacja
73%
wiele religii, bałkany Albania
64%
Angkor Wat, ubrania Kambodża
50%
Himalaje,kopalnie kamieni Pakistan
50%
tytoń , bieda,wyspa Kuba
45%
Plaże , lazurowe morze Chorwacja
27%
Szmaragdy,kawa Kolumbia
27%
Nie znaleziono quizów pasujących do podanych kryteriów
Rozkład punktacji
Procent ludzi z każdym wynikiem
Percentyl według liczby udzielonych odpowiedzi
Twoja historia wyników
Nie rozwiązałeś tego quizu